[Event "HUN-chT2 Asztalos 1617"]
[Site "Hungary"]
[Date "2017.01.29"]
[Round "7.3"]
[White "Bator, Balazs"]
[Black "Toth, David"]
[Result "0-1"]
[WhiteElo "1987"]
[BlackElo "1972"]
[PlyCount "125"]
[EventDate "2016.09.25"]
[EventType "team-tourn"]
[EventRounds "11"]
[EventCountry "HUN"]
[SourceTitle "EXT 2021"]
[Source "ChessBase"]
[SourceDate "2020.10.23"]
[SourceVersion "1"]
[SourceVersionDate "2020.10.23"]
[SourceQuality "1"]
[WhiteTeam "Komlo Banyasz II"]
[BlackTeam "Pecs Karmin"]
[WhiteTeamCountry "HUN"]
[BlackTeamCountry "HUN"]

1. e4 c5 2. Nf3 Nc6 3. d4 cxd4 4. Nxd4 Nf6 5. Nc3 e5 6. Ndb5 d6 7. Bg5 a6 8. Na3 b5 9. Nd5 Be7 10. Nxe7 Nxe7 11. Bd3 Bb7 12. Bxf6 gxf6 13. c4 f5 14. cxb5 fxe4 15. bxa6 Bc6 16. Bb5 Bxb5 17. Nxb5 Qa5+ 18. Nc3 d5 19. 0-0 Rxa6 20. b4 Qd8 21. Qh5 Rg6 22. Qxe5 Rhg8 23. g3 Rg5 24. Qf6 R8g6 25. Qh8+ Ng8 26. Qd4 Rh5 27. f3 Qh4 28. Qf2 Rxg3+ 29. Qxg3 Rg5 30. Qxg5 Qxg5+ 31. Kh1 Qe5 32. Rac1 e3 33. Rfe1 Ne7 34. a4 d4 35. Ne4 f5 36. Nc5 f4 37. a5 Qd5 38. Ne4 Kf7 39. Rc5 Qa2 40. Ng5+ Ke8 41. Nh3 Ng6 42. Rc8+ Ke7 43. Rc7+ Kf6 44. Rec1 Ne5 45. Nxf4 Qf2 46. Nh5+ Kf5 47. Ng3+ Ke6 48. Rf1 Qd2 49. f4 Nd3 50. f5+ Ke5 51. Re7+ Kd5 52. f6 Nf2+ 53. Kg1 Ng4 54. Rxh7 e2 55. Nxe2 Qxe2 56. Rh5+ Kc4 57. f7 Ne3 58. Rc1+ Kd3 59. Rg5 Qf3 60. Rg3 Qxf7 61. b5 Ke2 62. b6 d3 63. Rb1 0-1

[Event "HUN-chT2 Asztalos 1516"]
[Site "Hungary"]
[Date "2016.03.20"]
[Round "9.4"]
[White "Toth, David"]
[Black "Balazs, Adorjan"]
[Result "1/2-1/2"]
[WhiteElo "1988"]
[BlackElo "2075"]
[PlyCount "26"]
[EventDate "2015.09.13"]
[EventType "team-tourn"]
[EventRounds "11"]
[EventCountry "HUN"]
[SourceTitle "EXT 2017"]
[Source "ChessBase"]
[SourceDate "2016.10.25"]
[SourceVersion "1"]
[SourceVersionDate "2016.10.25"]
[SourceQuality "1"]
[WhiteTeam "Pecs Karmin"]
[BlackTeam "Szentlorinc"]
[WhiteTeamCountry "HUN"]
[BlackTeamCountry "HUN"]

1. d4 Nf6 2. Nf3 g6 3. g3 Bg7 4. Bg2 0-0 5. 0-0 c6 6. c4 d6 7. Nc3 Nbd7 8. d5 cxd5 9. cxd5 Nb6 10. Bg5 Bd7 11. Rc1 Rc8 12. b3 Ng4 13. Nd4 h6 1/2-1/2

[Event "HUN-chT2 Asztalos 1516"]
[Site "Hungary"]
[Date "2015.10.18"]
[Round "3.4"]
[White "Toth, David"]
[Black "Arato, Bela"]
[Result "0-1"]
[WhiteElo "1988"]
[BlackElo "2112"]
[PlyCount "68"]
[EventDate "2015.09.13"]
[EventType "team-tourn"]
[EventRounds "11"]
[EventCountry "HUN"]
[SourceTitle "CBM 170 Extra"]
[Source "ChessBase"]
[SourceDate "2016.02.25"]
[SourceVersion "1"]
[SourceVersionDate "2016.02.25"]
[SourceQuality "1"]
[WhiteTeam "Pecs Karmin"]
[BlackTeam "Baja Spartacus"]
[WhiteTeamCountry "HUN"]
[BlackTeamCountry "HUN"]

1. d4 Nf6 2. Nf3 g6 3. Nbd2 d5 4. e3 Bg7 5. Bd3 0-0 6. 0-0 c5 7. c3 Nc6 8. h3 Re8 9. b3 e5 10. dxe5 Nxe5 11. Bb5 Bd7 12. Bxd7 Qxd7 13. Bb2 Nd3 14. Qc2 Nxb2 15. Qxb2 Ne4 16. Rac1 b5 17. Nxe4 dxe4 18. Rfd1 Qf5 19. Nd2 b4 20. Nb1 Rad8 21. Qc2 Rd3 22. cxb4 cxb4 23. Rxd3 exd3 24. Qc4 a5 25. g4 Qf3 26. Qxd3 Qxh3 27. Qd7 Rf8 28. Rc4 Be5 29. f4 Qxe3+ 30. Kg2 Bxf4 31. Qd1 Re8 32. Rc2 Qg3+ 33. Kf1 Qh3+ 34. Rg2 Bg3 0-1

[Event "HUN-chT2 Asztalos 1516"]
[Site "Hungary"]
[Date "2015.09.13"]
[Round "1.3"]
[White "Zsigmond, Karoly"]
[Black "Toth, David"]
[Result "0-1"]
[WhiteElo "2046"]
[BlackElo "1988"]
[PlyCount "86"]
[EventDate "2015.09.13"]
[EventType "team-tourn"]
[EventRounds "11"]
[EventCountry "HUN"]
[SourceTitle "CBM 170 Extra"]
[Source "ChessBase"]
[SourceDate "2016.02.25"]
[SourceVersion "1"]
[SourceVersionDate "2016.02.25"]
[SourceQuality "1"]
[WhiteTeam "Kiraly Sakk"]
[BlackTeam "Pecs Karmin"]
[WhiteTeamCountry "HUN"]
[BlackTeamCountry "HUN"]

1. e4 c5 2. d4 cxd4 3. c3 dxc3 4. Nxc3 Nc6 5. Nf3 d6 6. Bc4 Nf6 7. 0-0 e6 8. Qe2 Be7 9. Rd1 e5 10. Bg5 0-0 11. Rac1 Bg4 12. a3 Nd4 13. Qe3 Bxf3 14. gxf3 Nh5 15. Bxe7 Qxe7 16. Nd5 Qh4 17. Kh1 b5 18. Ba2 Rac8 19. Rc3 Rc5 20. Rg1 Rxd5 21. Bxd5 Nf4 22. Rg3 Nde2 23. Rc2 Nxg3+ 24. fxg3 Nxd5 25. exd5 Qh3 26. Qc1 Qf5 27. Qd1 Re8 28. Rc6 Rd8 29. Rc7 e4 30. f4 e3 31. Re7 Qf6 32. Rxe3 Qxb2 33. Rb3 Qa2 34. Rxb5 Qxa3 35. Qb1 g6 36. Kg2 Re8 37. Rb8 Rxb8 38. Qxb8+ Kg7 39. Qb1 a5 40. h4 a4 41. h5 Qc3 42. hxg6 hxg6 43. Qe4 a3 0-1

[Event "HUN-chT2 Asztalos 1213"]
[Site "Hungary"]
[Date "2013.03.03"]
[Round "8.2"]
[White "Toth, David"]
[Black "Taskovits, Istvan"]
[Result "0-1"]
[WhiteElo "1993"]
[BlackElo "2269"]
[PlyCount "82"]
[EventDate "2012.09.16"]
[EventType "team-tourn"]
[EventRounds "9"]
[EventCountry "HUN"]
[SourceTitle "EXT 2014"]
[Source "ChessBase"]
[SourceDate "2013.11.20"]
[SourceVersion "1"]
[SourceVersionDate "2013.11.20"]
[SourceQuality "1"]
[WhiteTeam "Pecs Karmin"]
[BlackTeam "Decs II"]
[WhiteTeamCountry "HUN"]
[BlackTeamCountry "HUN"]

1. d4 d5 2. Nf3 Nf6 3. g3 c6 4. Bg2 Bf5 5. 0-0 Nbd7 6. c4 e6 7. Nc3 h6 8. b3 Bd6 9. Bb2 0-0 10. Nd2 Qe7 11. e4 dxe4 12. Ndxe4 Nxe4 13. Nxe4 Ba3 14. Qc2 a5 15. f3 a4 16. c5 Bxb2 17. Qxb2 Bxe4 18. fxe4 a3 19. Qc3 e5 20. b4 exd4 21. Qxd4 Rfd8 22. e5 Qxe5 23. Qc4 Nf6 24. Rad1 Qe3+ 25. Kh1 Rxd1 26. Rxd1 Re8 27. Rf1 Re5 28. Rf3 Qd2 29. Bf1 Re4 30. Qd3 Qxa2 31. b5 Ng4 32. Qd8+ Kh7 33. Qh4 Qd5 34. Bd3 f5 35. Qxg4 fxg4 36. Re3 Qxd3 37. Rxd3 a2 38. Rd1 Re2 39. bxc6 bxc6 40. Kg1 Rb2 41. Kf1 Rxh2 0-1

[Event "HUN-chT2 Asztalos 1112"]
[Site "Hungary"]
[Date "2011.09.25"]
[Round "1.2"]
[White "Toth, David"]
[Black "Csernyiczky, Laszlo"]
[Result "1-0"]
[WhiteElo "1988"]
[BlackElo "2074"]
[PlyCount "69"]
[EventDate "2011.09.25"]
[EventType "team-tourn"]
[EventRounds "11"]
[EventCountry "HUN"]
[SourceTitle "EXT 2013"]
[Source "ChessBase"]
[SourceDate "2012.11.22"]
[SourceVersion "1"]
[SourceVersionDate "2012.11.22"]
[SourceQuality "1"]
[WhiteTeam "Pecs Karmin"]
[BlackTeam "Dunaujvaros"]
[WhiteTeamCountry "HUN"]
[BlackTeamCountry "HUN"]

1. d4 e6 2. c4 b6 3. Nc3 Bb7 4. Nf3 Nf6 5. Bg5 Be7 6. e3 d5 7. cxd5 Nxd5 8. Bxe7 Qxe7 9. Bd3 Nd7 10. Nxd5 Bxd5 11. e4 Bb7 12. 0-0 0-0 13. Rc1 c5 14. Qe2 Rfd8 15. Rfd1 Qf6 16. Bb5 Rac8 17. Ba6 Rb8 18. Bxb7 Rxb7 19. e5 Qe7 20. Qe4 Rbb8 21. h4 h6 22. a3 a5 23. Rd3 cxd4 24. Rxd4 Nc5 25. Rxd8+ Rxd8 26. Qc6 Qa7 27. Rc2 Qb8 28. Rd2 Rxd2 29. Nxd2 Qxe5 30. Qxb6 Qe1+ 31. Nf1 Ne4 32. f3 Ng3 33. Qb8+ Kh7 34. Qxg3 Qd1 35. Qf4 1-0

[Event "HUN-chT2 Asztalos 1011"]
[Site "Hungary"]
[Date "2010.11.07"]
[Round "5.1"]
[White "Toth, David"]
[Black "Horvath, Viktoria"]
[Result "0-1"]
[WhiteElo "2003"]
[BlackElo "2002"]
[PlyCount "56"]
[EventDate "2010.09.12"]
[EventType "team-tourn"]
[EventRounds "11"]
[EventCountry "HUN"]
[SourceTitle "EXT 2012"]
[Source "ChessBase"]
[SourceDate "2011.11.24"]
[SourceVersion "1"]
[SourceVersionDate "2011.11.24"]
[SourceQuality "1"]
[WhiteTeam "Pecs Karmin"]
[BlackTeam "Dombovar"]
[WhiteTeamCountry "HUN"]
[BlackTeamCountry "HUN"]

1. d4 Nf6 2. c4 e5 3. dxe5 Ng4 4. Bf4 Bc5 5. e3 d6 6. exd6 cxd6 7. Nc3 0-0 8. Be2 h5 9. Nf3 Be6 10. h3 Nf6 11. Bg5 Nbd7 12. 0-0 Qc8 13. Nb5 Ne4 14. Be7 Re8 15. Bxd6 Nxf2 16. Rxf2 Bxe3 17. Nc7 Nf6 18. Nxe8 Ne4 19. Qd3 Bxf2+ 20. Kh2 Bf5 21. Nc7 h4 22. Nd5 Nxd6 23. Ne7+ Kf8 24. Nxf5 Nxf5 25. Ng5 Qc7+ 26. g3 Ne3 27. Ne4 hxg3+ 28. Nxg3 Qxg3+ 0-1

[Event "HUN-chT2 Asztalos 0809"]
[Site "Hungary"]
[Date "2009.02.22"]
[Round "8"]
[White "Toth, David"]
[Black "Konya, Attila Sr"]
[Result "1-0"]
[WhiteElo "2014"]
[BlackElo "1746"]
[PlyCount "87"]
[EventDate "2008.10.26"]
[EventType "team-tourn"]
[EventRounds "11"]
[EventCountry "HUN"]
[SourceTitle "EXT 2010"]
[Source "ChessBase"]
[SourceDate "2010.11.25"]
[SourceVersion "1"]
[SourceVersionDate "2010.11.25"]
[SourceQuality "1"]
[WhiteTeam "Tamasi Szabadido"]
[BlackTeam "Pannonpower II"]
[WhiteTeamCountry "HUN"]
[BlackTeamCountry "HUN"]

1. e4 c5 2. Bc4 e6 3. Nc3 Nf6 4. Qf3 Nc6 5. d3 Ne5 6. Qg3 Nxc4 7. dxc4 d6 8. a4 b6 9. Bg5 Be7 10. Qf3 Bb7 11. Nge2 0-0 12. Rd1 a6 13. b3 Qc7 14. Qd3 Rad8 15. f3 h6 16. Bf4 Rfe8 17. Qe3 e5 18. Bg3 Nh5 19. Qf2 Qd7 20. Bxe5 f5 21. 0-0 Qe6 22. Bg3 fxe4 23. fxe4 Bxe4 24. Nxe4 Qxe4 25. Qf7+ Kh8 26. Qxh5 Bg5 27. Rde1 Qxc2 28. Nd4 g6 29. Rxe8+ Rxe8 30. Qxg5 Qxg2+ 31. Kxg2 hxg5 32. Nf3 Re3 33. Nxg5 Rxb3 34. Rf8+ Kg7 35. Ne6+ Kh7 36. Kh3 Rc3 37. Rb8 Rxc4 38. Rxb6 Rxa4 39. Rxd6 c4 40. Rd7+ Kh6 41. Bf4+ g5 42. Bxg5+ Kg6 43. Kg4 c3+ 44. Nf4+ 1-0

[Event "HUN-chT2 Asztalos 0809"]
[Site "Hungary"]
[Date "2008.12.21"]
[Round "4"]
[White "Toth, David"]
[Black "Pribek, Laszlo"]
[Result "1/2-1/2"]
[WhiteElo "2014"]
[BlackElo "2169"]
[PlyCount "170"]
[EventDate "2008.10.26"]
[EventType "team-tourn"]
[EventRounds "11"]
[EventCountry "HUN"]
[SourceTitle "EXT 2010"]
[Source "ChessBase"]
[SourceDate "2010.11.25"]
[SourceVersion "1"]
[SourceVersionDate "2010.11.25"]
[SourceQuality "1"]
[WhiteTeam "Pannonpower II"]
[BlackTeam "MAV Elore"]
[WhiteTeamCountry "HUN"]
[BlackTeamCountry "HUN"]

1. d4 Nf6 2. c4 g6 3. Nc3 Bg7 4. e4 d6 5. f3 0-0 6. Be3 e5 7. d5 Ne8 8. Qd2 a5 9. Nge2 Na6 10. h4 h5 11. Nc1 f5 12. Nd3 f4 13. Bf2 Kh7 14. c5 Bd7 15. Rc1 Qe7 16. Nb1 Qd8 17. Na3 Rf7 18. Nc4 dxc5 19. Ncxe5 Re7 20. Nxd7 Rxd7 21. Nxf4 Bh6 22. Be3 Qf6 23. Bxa6 Rxa6 24. Rxc5 c6 25. Nd3 Bxe3 26. Qxe3 cxd5 27. Rxd5 Rxd5 28. exd5 Ng7 29. Qf4 Qb6 30. Kd2 a4 31. a3 Qa5+ 32. Nb4 Ra8 33. Rc1 Rd8 34. Kc2 Rc8+ 35. Kb1 Rxc1+ 36. Qxc1 Nf5 37. g4 hxg4 38. fxg4 Nd6 39. h5 gxh5 40. gxh5 Qd8 41. Qc2+ Kg7 42. Qxa4 Qf6 43. Qc2 Kh6 44. Qg6+ Qxg6+ 45. hxg6 Kxg6 46. Kc2 Kf5 47. Kc3 Ke4 48. a4 Ke5 49. a5 Ke4 50. b3 Ke3 51. a6 bxa6 52. Nxa6 Ke4 53. Nc7 Ke5 54. Kd3 Nc8 55. Kc4 Kd6 56. Nb5+ Kd7 57. Kc5 Ne7 58. b4 Nf5 59. Nd4 Ng3 60. b5 Ne4+ 61. Kc4 Nd6+ 62. Kb4 Nb7 63. Nf5 Kc7 64. Kc4 Kb6 65. d6 Nc5 66. Nd4 Nd7 67. Kd5 Nc5 68. Ke5 Kb7 69. Kf6 Kc8 70. Ke7 Nd7 71. Ne6 Nb6 72. Nc5 Nd5+ 73. Ke6 Nb6 74. d7+ Kc7 75. Ke7 Nd5+ 76. Ke6 Nb6 77. Na6+ Kd8 78. Nb8 Kc7 79. Ke5 Nxd7+ 80. Nxd7 Kxd7 81. Kd5 Kc7 82. Kc5 Kb7 83. b6 Kb8 84. Kb4 Ka8 85. Kb5 Kb7 1/2-1/2

[Event "HUN-chT2 Asztalos 0809"]
[Site "Hungary"]
[Date "2008.10.26"]
[Round "1"]
[White "Toth, David"]
[Black "Nemeth, Antal"]
[Result "1/2-1/2"]
[WhiteElo "2014"]
[BlackElo "2234"]
[PlyCount "54"]
[EventDate "2008.10.26"]
[EventType "team-tourn"]
[EventRounds "11"]
[EventCountry "HUN"]
[SourceTitle "EXT 2010"]
[Source "ChessBase"]
[SourceDate "2010.11.25"]
[SourceVersion "1"]
[SourceVersionDate "2010.11.25"]
[SourceQuality "1"]
[WhiteTeam "Pannonpower II"]
[BlackTeam "Baja"]
[WhiteTeamCountry "HUN"]
[BlackTeamCountry "HUN"]

1. d4 Nf6 2. Nf3 g6 3. c4 c5 4. d5 b5 5. cxb5 a6 6. bxa6 Bg7 7. Nc3 0-0 8. e4 d6 9. Be2 Bxa6 10. 0-0 Nbd7 11. Bxa6 Rxa6 12. Qe2 Qa8 13. Nd2 Rb8 14. Nc4 Nb6 15. Nxb6 Raxb6 16. f4 Ne8 17. e5 Nc7 18. Rd1 Nb5 19. Nxb5 Rxb5 20. a4 Rb4 21. Qc2 dxe5 22. Qxc5 Rxa4 23. Rxa4 Qxa4 24. Re1 exf4 25. Qxe7 Qd4+ 26. Kh1 Bf6 27. Qd6 Rd8 1/2-1/2

[Event "Eger Tel op"]
[Site "Eger"]
[Date "2008.01.25"]
[Round "2"]
[White "Nagy, Barbara"]
[Black "Toth, David"]
[Result "0-1"]
[WhiteElo "1605"]
[BlackElo "2050"]
[PlyCount "62"]
[EventDate "2008.01.24"]
[EventType "swiss"]
[EventRounds "7"]
[EventCountry "HUN"]
[SourceTitle "EXT 2011"]
[Source "ChessBase"]
[SourceDate "2010.11.26"]
[SourceVersion "1"]
[SourceVersionDate "2010.11.26"]
[SourceQuality "1"]

1. e4 c5 2. d4 cxd4 3. c3 dxc3 4. Nxc3 Nc6 5. Bc4 e6 6. Nf3 d6 7. 0-0 Be7 8. Qe2 Nf6 9. Rd1 e5 10. h3 0-0 11. Bg5 Be6 12. Bb5 Ne8 13. Bxe7 Qxe7 14. Rac1 Nc7 15. b3 a6 16. Bxc6 bxc6 17. Rd3 f6 18. Qd2 d5 19. exd5 cxd5 20. Nh2 d4 21. Ne2 Nd5 22. Rg3 Rac8 23. Rf1 Nb4 24. Rc1 Rxc1+ 25. Qxc1 Nxa2 26. Qb2 Nb4 27. Nf3 Rc8 28. Qa3 Rc2 29. Kf1 d3 30. Neg1 Qc5 31. Ne1 Qxf2# 0-1